[Event "22nd ECCC Women 2017"]
[Site "Antalya"]
[Date "2017.10.09"]
[Round "1"]
[White "Hojjatova, Aydan"]
[Black "Ovechkin, Lilia"]
[Result "1-0"]
[WhiteElo "2341"]
[BlackElo "1779"]
[Annotator "ChessBase"]
[PlyCount "73"]
[EventType "team-tourn"]
[EventCountry "TUR"]
[WhiteTeam "Odlar Yurdu"]
[BlackTeam "Beer Sheva"]
[TimeControl "40/5400+30:1800+30"]

1. e4 {[%emt 0:00:30]} Nf6 {[%emt 0:01:00]} 2. e5 {[%emt 0:00:30]} Nd5 {[%emt 0:00:30]} 3. d4 {[%emt 0:00:00]} d6 {[%emt 0:00:30]} 4. Nf3 {[%emt 0:00:00]} Nb6 {[%emt 0:00:30]} 5. Be2 {[%emt 0:13:30]} g6 {[%emt 0:00:30]} 6. O-O {[%emt 0:02:30]} Bg7 {[%emt 0:00:30]} 7. exd6 {[%emt 0:02:30]} cxd6 {[%emt 0:00:30]} 8. h3 {[%emt 0:01:30]} O-O {[%emt 0:00:30]} 9. c4 {[%emt 0:01:30]} Nc6 {[%emt 0:02:30]} 10. Nc3 {[%emt 0:01:30]} Bf5 {[%emt 0:02:30]} 11. Be3 {[%emt 0:01:30]} d5 {[%emt 0:02:30]} 12. c5 {[%emt 0:04:30]} Nc4 {[%emt 0:01:30]} 13. Bc1 {[%emt 0:29:30]} h6 {[%emt 0:33:30]} 14. b3 {[%emt 0:03:30]} N4a5 {[%emt 0:01:30]} 15. Be3 {[%emt 0:01:30]} g5 {[%emt 0:09:30]} 16. Qd2 {[%emt 0:09:30]} e6 {[%emt 0:01:30]} 17. Rad1 {[%emt 0:01:30]} a6 {[%emt 0:01:30]} 18. Nh2 {[%emt 0:03:30]} Ne7 {[%emt 0:04:30]} 19. f4 {[%emt 0:01:06]} f6 {[%emt 0:02:30]} 20. fxg5 {[%emt 0:02:56]} hxg5 {[%emt 0:02:30]} 21. Bh5 {[%emt 0:02:29]} Bg6 {[%emt 0:06:30]} 22. Bf3 {[%emt 0:02:23]} Nac6 {[%emt 0:01:30]} 23. Ne2 {[%emt 0:02:45]} Nf5 {[%emt 0:03:30]} 24. Bf2 {[%emt 0:00:24]} Kf7 {[%emt 0:01:45]} 25. Ng4 {[%emt 0:01:16]} Rh8 {[%emt 0:00:55]} 26. Rde1 {[%emt 0:02:00]} Nh4 {[%emt 0:02:37]} 27. Be3 {[%emt 0:01:33]} Nxf3+ {[%emt 0:04:00]} 28. Rxf3 {[%emt 0:00:02]} Bh5 {[%emt 0:02:11]} 29. Bxg5 {[%emt 0:01:17]} Bxg4 {[%emt 0:00:57]} 30. hxg4 {[%emt 0:00:08]} Qc7 {[%emt 0:00:57]} 31. Bf4 {[%emt 0:01:23]} Qa5 {[%emt 0:01:42]} 32. Qxa5 {[%emt 0:04:17]} Nxa5 {[%emt 0:00:09]} 33. Bd6 {[%emt 0:00:11]} Rh4 {[%emt 0:03:52]} 34. Nf4 {[%emt 0:02:29]} Re8 {[%emt 0:04:01]} 35. Rfe3 {[%emt 0:00:57]} Rxg4 {[%emt 0:01:58]} 36. Nxe6 {[%emt 0:00:34]} Rg8 {[%emt 0:00:54]} 37. Nf4 {[%emt 0:00:30]} 1-0

[Event "22nd ECCC Women 2017"]
[Site "Antalya"]
[Date "2017.10.09"]
[Round "1"]
[White "Zaiatz, Elena"]
[Black "Celik, Eda"]
[Result "1-0"]
[WhiteElo "2334"]
[BlackElo "1880"]
[Annotator "ChessBase"]
[PlyCount "51"]
[EventType "team-tourn"]
[EventCountry "TUR"]
[SourceTitle "playchess.com"]
[Source "ChessBase"]
[SourceQuality "1"]
[WhiteTeam "Bossa Nova"]
[BlackTeam "Aegean"]
[TimeControl "40/5400+30:1800+30"]

1. Nf3 {[%emt 0:00:30]} d5 {[%emt 0:01:00]} 2. g3 {[%emt 0:00:00]} c6 {[%emt 0:02:30]} 3. Bg2 {[%emt 0:00:00]} Bg4 {[%emt 0:00:30]} 4. O-O {[%emt 0:00:30]} Nf6 {[%emt 0:00:30]} 5. d4 {[%emt 0:02:30]} e6 {[%emt 0:02:30]} 6. Nbd2 {[%emt 0:00:30]} Nbd7 {[%emt 0:01:30]} 7. Re1 {[%emt 0:00:30]} Be7 {[%emt 0:10:30]} 8. c3 {[%emt 0:02:30]} O-O {[%emt 0:00:30]} 9. e4 {[%emt 0:03:30]} dxe4 {[%emt 0:02:30]} 10. Nxe4 {[%emt 0:00:00]} Nxe4 {[%emt 0:11:30]} 11. Rxe4 {[%emt 0:00:00]} Nf6 {[%emt 0:03:30]} 12. Re1 {[%emt 0:00:30]} Qb6 {[%emt 0:09:30]} 13. h3 {[%emt 0:06:30]} Bh5 {[%emt 0:02:30]} 14. g4 {[%emt 0:01:30]} Bg6 {[%emt 0:00:30]} 15. Ne5 {[%emt 0:00:00]} Rfd8 {[%emt 0:04:30]} 16. h4 {[%emt 0:01:00]} h6 {[%emt 0:12:30]} 17. Nxg6 {[%emt 0:02:30]} fxg6 {[%emt 0:00:30]} 18. Rxe6 {[%emt 0:00:30]} Qc7 {[%emt 0:06:30]} 19. g5 {[%emt 0:05:30]} hxg5 {[%emt 0:02:30]} 20. Bxg5 {[%emt 0:04:30]} Bd6 {[%emt 0:12:52]} 21. Bxf6 {[%emt 0:03:30]} gxf6 {[%emt 0:00:05]} 22. Qf3 {[%emt 0:05:30]} Be7 {[%emt 0:02:33]} 23. Rae1 {[%emt 0:00:30]} Rd7 {[%emt 0:00:36]} 24. h5 {[%emt 0:07:30]} gxh5 {[%emt 0:03:06]} 25. Qxh5 {[%emt 0:00:30]} Kg7 {[%emt 0:00:49]} 26. R1e4 {[%emt 0:00:30]} 1-0

[Event "22nd ECCC Women 2017"]
[Site "Antalya"]
[Date "2017.10.09"]
[Round "1"]
[White "Sandu, Mihaela"]
[Black "Ince, Safiye Oyku"]
[Result "1-0"]
[WhiteElo "2278"]
[BlackElo "1861"]
[Annotator "ChessBase"]
[PlyCount "79"]
[EventType "team-tourn"]
[EventCountry "TUR"]
[SourceTitle "playchess.com"]
[Source "ChessBase"]
[SourceQuality "1"]
[WhiteTeam "Timisoara"]
[BlackTeam "Mediterranean"]
[TimeControl "40/5400+30:1800+30"]

1. e4 {[%emt 0:00:30]} c5 {[%emt 0:01:00]} 2. Nf3 {[%emt 0:00:30]} e6 {[%emt 0:00:30]} 3. d4 {[%emt 0:00:30]} cxd4 {[%emt 0:00:30]} 4. Nxd4 {[%emt 0:00:30]} Nc6 {[%emt 0:00:00]} 5. Nc3 {[%emt 0:00:00]} Qc7 {[%emt 0:00:00]} 6. f4 {[%emt 0:00:00]} d6 {[%emt 0:00:30]} 7. Be3 {[%emt 0:03:30]} Nf6 {[%emt 0:02:30]} 8. Be2 {[%emt 0:09:30]} Be7 {[%emt 0:00:30]} 9. O-O {[%emt 0:00:30]} O-O {[%emt 0:00:30]} 10. Kh1 {[%emt 0:00:30]} Nxd4 {[%emt 0:00:30]} 11. Bxd4 {[%emt 0:04:30]} e5 {[%emt 0:00:30]} 12. Be3 {[%emt 0:02:30]} exf4 {[%emt 0:00:30]} 13. Bxf4 {[%emt 0:11:30]} Be6 {[%emt 0:18:30]} 14. Qd3 {[%emt 0:09:30]} a6 {[%emt 0:09:30]} 15. Qg3 {[%emt 0:02:30]} Rfd8 {[%emt 0:07:30]} 16. Rad1 {[%emt 0:06:30]} Ne8 {[%emt 0:13:30]} 17. e5 {[%emt 0:11:30]} dxe5 {[%emt 0:06:30]} 18. Bxe5 {[%emt 0:00:30]} Qb6 {[%emt 0:00:00]} 19. Bd3 {[%emt 0:05:30]} Rac8 {[%emt 0:15:00]} 20. Ne4 {[%emt 0:00:30]} Bc4 {[%emt 0:01:30]} 21. Bxc4 {[%emt 0:08:30]} Rxc4 {[%emt 0:00:30]} 22. Rxd8 {[%emt 0:00:30]} Qxd8 {[%emt 0:01:55]} 23. Qf3 {[%emt 0:02:15]} Qd5 {[%emt 0:01:13]} 24. Nc3 {[%emt 0:04:18]} Qxf3 {[%emt 0:03:12]} 25. gxf3 {[%emt 0:00:18]} Bf6 {[%emt 0:00:32]} 26. Bxf6 {[%emt 0:05:00]} Nxf6 {[%emt 0:00:30]} 27. Rd1 {[%emt 0:00:02]} Rc8 {[%emt 0:01:55]} 28. Ne2 {[%emt 0:05:28]} Kf8 {[%emt 0:00:35]} 29. c3 {[%emt 0:00:06]} Re8 {[%emt 0:07:20]} 30. Rd2 {[%emt 0:03:10]} Ke7 {[%emt 0:03:51]} 31. Kg1 {[%emt 0:00:16]} Rd8 {[%emt 0:02:02]} 32. Nd4 {[%emt 0:00:09]} g6 {[%emt 0:00:00]} 33. Kf2 {[%emt 0:00:40]} Nd7 {[%emt 0:00:35]} 34. c4 {[%emt 0:02:15]} Rc8 {[%emt 0:00:35]} 35. b3 {[%emt 0:00:11]} Rc5 {[%emt 0:00:39]} 36. Re2+ {[%emt 0:01:21]} Re5 {[%emt 0:00:44]} 37. Rd2 {[%emt 0:00:38]} Rc5 {[%emt 0:00:05]} 38. Re2+ {[%emt 0:00:23]} Re5 {[%emt 0:00:30]} 39. Rc2 {[%emt 0:00:00]} Nc5 {[%emt 0:02:24]} 40. Rd2 {[%emt 0:00:00]} 1-0

[Event "22nd ECCC Women 2017"]
[Site "Antalya"]
[Date "2017.10.09"]
[Round "1"]
[White "Dragomirescu, Angela"]
[Black "Ozbek, Busra"]
[Result "1-0"]
[WhiteElo "2231"]
[BlackElo "1850"]
[Annotator "ChessBase"]
[PlyCount "83"]
[EventType "team-tourn"]
[EventCountry "TUR"]
[WhiteTeam "Timisoara"]
[BlackTeam "Mediterranean"]
[TimeControl "40/5400+30:1800+30"]

1. c4 {[%emt 0:00:30]} g6 {[%emt 0:01:00]} 2. g3 {[%emt 0:00:30]} Bg7 {[%emt 0:00:30]} 3. Bg2 {[%emt 0:00:00]} Nf6 {[%emt 0:02:30]} 4. Nc3 {[%emt 0:00:00]} d6 {[%emt 0:00:30]} 5. e4 {[%emt 0:00:30]} Nbd7 {[%emt 0:04:30]} 6. d3 {[%emt 0:02:30]} e5 {[%emt 0:07:30]} 7. Nge2 {[%emt 0:00:30]} O-O {[%emt 0:01:30]} 8. O-O {[%emt 0:01:30]} c6 {[%emt 0:07:30]} 9. h3 {[%emt 0:11:30]} Nc5 {[%emt 0:03:30]} 10. Be3 {[%emt 0:03:30]} Ne6 {[%emt 0:06:30]} 11. f4 {[%emt 0:05:30]} Nd7 {[%emt 0:04:30]} 12. f5 {[%emt 0:08:30]} Nd4 {[%emt 0:04:30]} 13. g4 {[%emt 0:04:30]} Nc5 {[%emt 0:08:30]} 14. b4 {[%emt 0:15:30]} Na6 {[%emt 0:00:30]} 15. Rb1 {[%emt 0:01:30]} Nc7 {[%emt 0:11:30]} 16. Qd2 {[%emt 0:04:30]} Bd7 {[%emt 0:18:48]} 17. Bg5 {[%emt 0:04:30]} f6 {[%emt 0:01:01]} 18. Be3 {[%emt 0:00:30]} Nxe2+ {[%emt 0:00:27]} 19. Qxe2 {[%emt 0:01:30]} Be8 {[%emt 0:04:30]} 20. Qf2 {[%emt 0:01:30]} Bf7 {[%emt 0:03:14]} 21. Bxa7 {[%emt 0:06:30]} d5 {[%emt 0:02:04]} 22. exd5 {[%emt 0:15:46]} cxd5 {[%emt 0:02:41]} 23. Bb6 {[%emt 0:00:43]} dxc4 {[%emt 0:03:12]} 24. dxc4 {[%emt 0:01:56]} Bxc4 {[%emt 0:00:26]} 25. Rfd1 {[%emt 0:00:24]} Qc8 {[%emt 0:00:15]} 26. Qc5 {[%emt 0:04:15]} Na6 {[%emt 0:01:01]} 27. Qxc8 {[%emt 0:01:16]} Raxc8 {[%emt 0:00:04]} 28. Bxb7 {[%emt 0:00:01]} Rb8 {[%emt 0:00:51]} 29. Bd5+ {[%emt 0:02:11]} Bxd5 {[%emt 0:01:00]} 30. Nxd5 {[%emt 0:00:03]} Bh6 {[%emt 0:00:11]} 31. Kf2 {[%emt 0:02:27]} Kf7 {[%emt 0:00:37]} 32. b5 {[%emt 0:00:12]} Rfc8 {[%emt 0:00:26]} 33. bxa6 {[%emt 0:00:38]} Rc2+ {[%emt 0:00:03]} 34. Kf1 {[%emt 0:00:46]} Rxa2 {[%emt 0:00:49]} 35. a7 {[%emt 0:00:46]} Rb7 {[%emt 0:00:21]} 36. Nc7 {[%emt 0:00:32]} Bf4 {[%emt 0:00:54]} 37. a8=Q {[%emt 0:00:50]} Rxa8 {[%emt 0:00:07]} 38. Nxa8 {[%emt 0:00:00]} Re7 {[%emt 0:00:26]} 39. Bc5 {[%emt 0:00:26]} Re8 {[%emt 0:00:05]} 40. Rd7+ {[%emt 0:00:23]} Kg8 {[%emt 0:00:57]} 41. Nc7 {[%emt 0:01:25]} Rc8 {[%emt 0:00:30]} 42. Ne6 {[%emt 0:00:30]} 1-0

[Event "22nd ECCC Women 2017"]
[Site "Antalya"]
[Date "2017.10.10"]
[Round "1"]
[White "Choisy, Mathilde"]
[Black "Nechaeva, Marina"]
[Result "0-1"]
[WhiteElo "2162"]
[BlackElo "2431"]
[Annotator "TA"]
[PlyCount "58"]
[EventType "team-tourn"]
[EventCountry "TUR"]
[WhiteTeam "Mulhouse Philidor"]
[BlackTeam "UGRA"]

{[%evp 10,58,-20,-33,-38,-84,-79,-55,-38,-45,0,-39,-60,-279,-273,-290,-302,-283,-301,-284,-281,-287,-277,-319,-287,-354,-104,-111,-85,-142,-92,-87,-84,-62,-2,-183,-160,-175,-175,-264,-264,-266,-259,-241,-252,-260,-237,-266,-262,-475,-471]} 1. e4 c6 {[%cal Bc7c6,Bc6c5][%mdl 32]} 2. d4 d5 3. e5 Bf5 4. h4 c5 5. g4 Bd7 6. c3 {LiveBook: 3 Partien. B12: Caro-Kann (Vorstoß-Variante)} Nc6 7. Na3 cxd4 8. cxd4 {Schwarz steht besser.} Qb6 9. Nc2 Rc8 10. f4 $146 {[#]} ({Vorgänger:} 10. Bg2 Nh6 11. Bf3 Na5 12. Ne3 e6 {1-0 (28) Efimenko,Z (2648)-Mamedyarov,S (2743) Dubai 2014}) 10... h5 $1 {[%mdl 512]} 11. f5 $2 (11. g5 $1 $15) (11. gxh5 Nh6) 11... hxg4 $19 12. Qxg4 {Schwarz sollte e6 verhindern.} Nh6 (12... Nxe5 13. dxe5 Rxc2 14. e6 $1 $17 {[%mdl 512]}) 13. Bxh6 Rxh6 14. Bd3 Qxb2 15. Rd1 e6 {[%cal Be7e6,Be6f5][%mdl 32] ...exf5 ist eine echte Drohung.} ({Auf keinen Fall} 15... Qxa2 16. Qe2 $19) 16. Ne2 exf5 ({Keinesfalls} 16... Qxa2 17. fxe6 Bxe6 18. Qg3 $19) 17. Qf4 {[#]} Qb6 $2 ({Viel schwächer ist} 17... Qxa2 18. Kf2 $19) (17... Nxe5 $1 $19 {[%mdl 512] und Schwarz behält klar die Oberhand.} 18. dxe5 Rxc2 19. Bxc2 Qxc2) 18. Kf2 Qd8 19. Rb1 ({Besser ist} 19. Ne3) 19... b6 20. Ne3 Ne7 21. h5 f6 (21... Rc7 $15) 22. Nxf5 $2 (22. Rbe1 $1 $11) 22... Bxf5 23. Bxf5 fxe5 $1 24. dxe5 {[#]} (24. Qxe5 $142 Rf6 25. Ng3) 24... Rc4 $1 {[%cal Rc4f4]} 25. Qg5 Nxf5 26. Qxf5 {[#]} Qd7 $1 {[%cal Rd7f5]} 27. Qxd7+ Kxd7 28. Rbd1 Ke6 29. Nd4+ $2 {[#]} (29. Rd3 {ist wohl besser.}) 29... Rxd4 $1 {[%mdl 512] Precision: Weiß = 45%, Schwarz = 64%.} 0-1

[Event "22nd ECCC Women 2017"]
[Site "Antalya"]
[Date "2017.10.09"]
[Round "1"]
[White "Caglar, Sila"]
[Black "Kovalevskaya, Ekaterina"]
[Result "1/2-1/2"]
[WhiteElo "2153"]
[BlackElo "2411"]
[Annotator "TA"]
[PlyCount "62"]
[EventType "team-tourn"]
[EventCountry "TUR"]
[WhiteTeam "Marmara"]
[BlackTeam "Legacy Square Capital"]

{[%evp 17,62,7,37,10,12,0,11,22,30,31,30,32,34,32,31,30,30,35,33,30,41,43,30,32,44,39,39,34,53,33,29,48,47,32,39,27,49,32,29,22,34,8,8,0,0,0,0]} 1. Nf3 Nf6 2. g3 c5 3. Bg2 Nc6 4. O-O e5 5. d3 d5 6. e4 dxe4 7. dxe4 Qxd1 8. Rxd1 Bg4 9. c3 Be7 10. Re1 {A08: King's Indian Attack} O-O-O 11. Na3 $146 {[%cal Bb1a3,Ba3c4,Bc4d2][%mdl 32]} ({Predecessor:} 11. Nbd2 Nd7 12. Nc4 Be6 13. Ne3 f6 14. Nd5 Bf8 15. Nd2 Nb6 16. Nxb6+ axb6 17. Nf1 Bd6 18. Ne3 Ne7 19. Bf1 {½-½ (43) Vassallo Barroche,M (2387)-Espinosa Aranda,A (2184) Albacete 2007}) 11... Rd3 12. Be3 Nxe4 13. Nc4 $1 Bxf3 14. Bxf3 f5 15. Bxe4 fxe4 16. Nd2 Rhd8 17. Nxe4 b6 18. Kf1 R3d7 19. Ke2 Kc7 20. h4 {[%cal Bh2h4,Bh4h5][%mdl 32]} h6 21. h5 Na5 22. b3 {[%cal Bb2b3,Bb3b4][%mdl 32]} c4 23. b4 Nb7 $1 24. a4 Nd6 25. Nd2 Kc6 26. g4 a6 27. Rg1 Kb7 28. Ra2 Bf6 29. g5 hxg5 {The position is equal.} 30. Bxg5 Rh8 31. h6 Bxg5 {Precision: White = 67%, Black = 48%.} 1/2-1/2

[Event "22nd ECCC Women 2017"]
[Site "Antalya"]
[Date "2017.10.10"]
[Round "1"]
[White "Richard, Emma"]
[Black "Pogonina, Natalija"]
[Result "0-1"]
[WhiteElo "2086"]
[BlackElo "2466"]
[Annotator "TA"]
[PlyCount "84"]
[EventType "team-tourn"]
[EventCountry "TUR"]
[WhiteTeam "Mulhouse Philidor"]
[BlackTeam "UGRA"]

{[%evp 18,84,0,0,19,21,25,35,27,24,58,59,63,27,58,45,50,33,44,0,0,-16,-8,-75,-74,-158,-153,-165,-169,-162,-162,-156,-100,-94,-98,-111,-97,-174,-120,-234,-213,-529,-526,-528,-525,-516,-503,-843,-839,-810,-806,-888,-779,-881,-881,-852,-827,-1125,-1049,-1035,-1002,-964,-897,-897,-884,-29991,-29992,-29994,-29995]} 1. e4 e5 2. Nf3 Nc6 3. Bc4 Bc5 4. c3 Nf6 5. d4 exd4 6. e5 d5 7. Be2 Ne4 8. cxd4 Bb4+ 9. Nbd2 O-O {C54: Italienische Partie (Hauptvariante)} 10. O-O {LiveBook: 6 Partien} Bf5 (10... Bg4 11. h3 Bh5 12. Nb3 f6 13. exf6 Qxf6 14. Be3 Rae8 15. Nc5 Bxc5 16. dxc5 Qxb2 17. Qxd5+ {1-0 (42) Mamedov,R (2637)-Smirin,I (2663) Khanty-Mansiysk 2013}) 11. Nb3 a6 $146 {Die Stellung ist ausgeglichen.} ({Vorgänger:} 11... a5 12. Be3 a4 13. a3 Be7 14. Nc1 Bd7 15. Nd3 Na5 16. Qc2 Nb3 17. Rad1 {1-0 (49) Diermair,A (2485)-Kummer,H (2295) Vienna 2015}) 12. a3 Be7 13. Ne1 h6 14. f3 Ng5 15. f4 Ne4 16. g4 Bc8 17. f5 a5 {[%cal Ba6a5,Ba5a4][%mdl 32] Droht stark ...a4.} 18. Be3 a4 $36 {[%mdl 2048] Schwarz kämpft um Vorteil.} 19. Nc1 Na5 20. Bd3 (20. Ng2 $11 {hält das Gleichgewicht.}) 20... c5 $1 $17 21. Bxe4 ({Besser ist} 21. Ne2) 21... dxe4 22. d5 Nc4 23. Bf4 Bg5 $1 24. Ng2 Bxf4 (24... b5 $142 {...Lb7 ist eine echte Drohung.} 25. Na2 Bb7) 25. Rxf4 Nxe5 26. Rxe4 Qd6 27. Ne3 {[#]} (27. Na2 $17) 27... b5 (27... Nd7 $1 $19 28. Nc4 (28. Rxa4 $2 Rxa4 29. Qxa4 Re8 $19) 28... Qa6) 28. Nd3 {[#]} (28. Qf1 $17 {ist der einzige Weg für Weiss..}) 28... Nd7 $1 $19 29. f6 $2 (29. Qc2 {leistet mehr Widerstand.}) 29... Nxf6 30. Qf3 Nxe4 31. Qxe4 Bd7 32. Rc1 (32. Qe5 $142 Qxe5 33. Nxe5) 32... Rae8 33. Qf3 c4 34. Nb4 Qe5 35. Nf5 Bxf5 36. gxf5 Qxb2 37. Rc2 Qd4+ 38. Rf2 Re3 39. Qh5 Re1+ 40. Kg2 Rfe8 {Droht ...T8e3 und aus.} 41. f6 R8e5 42. Qf3 Rg5+ {Precision: Weiß = 40%, Schwarz = 70%.} 0-1

[Event "22nd ECCC Women 2017"]
[Site "Antalya"]
[Date "2017.10.09"]
[Round "1"]
[White "Arda, Cagil Irmak"]
[Black "Melia, Salome"]
[Result "1/2-1/2"]
[WhiteElo "2040"]
[BlackElo "2412"]
[Annotator "TA"]
[PlyCount "107"]
[EventType "team-tourn"]
[EventCountry "TUR"]
[WhiteTeam "Anatolia"]
[BlackTeam "Batumi"]

{[%evp 9,107,31,32,23,31,27,29,26,28,20,22,0,0,0,0,-4,29,21,16,16,38,35,38,13,32,0,60,36,82,18,5,0,68,70,81,75,78,74,77,67,95,95,96,95,95,88,97,99,97,94,92,0,0,-712,-706,-685,-682,-606,-391,-391,-383,-380,-369,-375,-416,-441,0,-486,0,-460,-63,-97,0,0,0,0,0,0,0,0,0,0,0,0,0,0,0,0,0,0,0,0,0,0,0,0,0,0,0,0]} 1. e4 c5 2. Nf3 Nc6 3. Bb5 Nf6 4. Bxc6 dxc6 5. d3 Bg4 6. h3 {B30: Sicilian: 2...Nc6 3 Bb5, lines without ...g6} Bh5 7. b3 (7. Nbd2 Nd7 8. Nc4 Qc7 9. g4 Bg6 10. Bd2 e5 11. Nh4 f6 12. Nxg6 hxg6 {1-0 (60) Artemiev,V (2663)-Andreikin,D (2736) Sochi 2016}) 7... Qc7 8. Bb2 {White has an edge.} Nd7 {[%cal Bf6d7,Bd7b6,Bb6d5,Bd5f4][%mdl 32]} 9. g4 Bg6 10. e5 e6 11. Qe2 Be7 12. Nbd2 O-O-O 13. O-O-O $146 Nb6 14. Ne4 Nd5 15. Nfd2 Kb8 16. Rdf1 h5 17. f3 Rh7 (17... Qa5 $11) 18. Qf2 Nf4 19. Qe3 (19. h4 $16) 19... Nd5 $11 20. Qf2 Rdh8 (20... Nf4 $11) 21. g5 $14 h4 22. Kb1 Rd8 23. f4 b6 24. a3 Bf8 25. Nf3 c4 26. bxc4 Bxe4 27. dxe4 Bc5 28. Nd4 Nxf4 29. Qxf4 {Strongly threatening g6.} Bxd4 30. Bxd4 ({White should try} 30. Qxf7 $16 Bxb2 31. Qxc7+ Kxc7 32. Kxb2) 30... Rxd4 $11 31. Qxf7 $2 {[%mdl 8192] [#]} (31. Rd1 $11 Rxd1+ 32. Rxd1) 31... Rd1+ $1 $19 {[%mdl 512]} 32. Rxd1 Qxf7 33. Rhf1 Qe7 34. g6 Rh8 35. Rf7 Qxa3 36. Rxg7 Qb4+ 37. Kc1 Qa3+ 38. Kb1 Qb4+ 39. Kc1 Qc3 $2 (39... b5 $19 40. Rgd7 Qa5) 40. Rdd7 $15 Qa1+ ({Much weaker is} 40... Qxh3 $6 41. Rb7+ Kc8 42. Rxa7 $11) (40... Qa3+ $17 41. Kd2 b5) 41. Kd2 $11 {The position is equal.} Qa5+ 42. c3 Qxe5 {[#] Hoping for ...Qf4+.} 43. Rgf7 $1 Rg8 {...b5 is the strong threat.} 44. g7 Kc8 45. Rxa7 {White threatens Rf8+ and mate.} Rd8+ 46. Kc2 {And now Ra8+ would win.} Qxe4+ 47. Kb3 {[%cal Ra7a8]} c5 48. Rf8 Qb1+ 49. Ka3 $1 {Rxd8+ would kill now.} Qa1+ 50. Kb3 {Threatening mate with Rxd8+.} Qb1+ 51. Ka3 $1 Qa1+ 52. Kb3 {White wants to mate with Rxd8+.} Qd1+ 53. Ka3 {aiming for Rxd8+.} Qa1+ 54. Kb3 {Precision: White = 58%, Black = 53%.} 1/2-1/2

[Event "22nd ECCC Women 2017"]
[Site "Antalya"]
[Date "2017.10.09"]
[Round "1"]
[White "Kaplan, Ebru"]
[Black "Paehtz, Elisabeth"]
[Result "1/2-1/2"]
[WhiteElo "2001"]
[BlackElo "2453"]
[Annotator "TA"]
[PlyCount "110"]
[EventType "team-tourn"]
[EventCountry "TUR"]
[WhiteTeam "Mediterranean"]
[BlackTeam "Timisoara"]

{[%evp 9,110,39,54,8,12,-6,-22,-31,-38,-74,-61,-85,-36,-120,0,0,-17,-8,0,-16,-6,-10,0,0,18,8,33,14,83,76,118,122,124,129,118,128,170,178,159,40,72,35,35,35,35,0,35,35,35,35,35,35,157,139,362,22,78,33,62,0,0,-22,0,0,0,-187,0,-4,0,0,0,0,0,0,0,0,0,0,18,18,22,27,22,22,27,30,26,12,15,12,12,12,12,12,20,0,0,0,0,0,0,0,0]} 1. e4 g6 2. d4 Bg7 3. Nc3 d6 4. f4 a6 5. Nf3 b5 6. a3 {B06: Modern Defence} (6. Bd3 Nd7 7. a4 b4 8. Ne2 c5 9. c3 bxc3 10. bxc3 cxd4 11. cxd4 Ngf6 12. e5 Nd5 13. O-O Nb4 14. Bb1 O-O {½-½ (51) Adhiban,B (2677)-Nguyen,N (2629) Tbilisi 2017}) 6... Nd7 7. Be3 Bb7 8. Bd3 c5 9. d5 Ngf6 10. Qd2 Rc8 11. f5 $146 (11. O-O $15) ({Predecessor:} 11. h3 c4 12. Be2 {1-0 (48) Dogan,S (1839)-Buke,F (1523) Manavgat 2016}) 11... c4 (11... gxf5 $17 12. exf5 Nxd5 13. Nxd5 Bxd5) 12. fxg6 $1 $11 hxg6 13. Be2 Ng4 14. Bg1 Nc5 {Black wants to play ...Qa5.} 15. Ng5 $1 Ne5 16. Be3 $1 Qd7 17. h3 a5 18. O-O Bf6 (18... Ba6 $11 {remains equal.}) 19. b4 $36 {[%mdl 2048] White has strong initiative.} axb4 20. axb4 Na4 21. Nxa4 bxa4 22. c3 Ba6 23. Bd4 Bb5 {[#]} 24. Qe3 (24. Bg4 $1 $16 {[%cal Rg4d7][%mdl 512]} Nxg4 25. hxg4 Bxg5 26. Qxg5) 24... Ra8 25. Ra3 Kf8 26. Qg3 Kg7 27. Qe3 Raf8 28. Rfa1 Rh4 29. Nf3 Nxf3+ 30. Bxf3 e5 (30... Bxd4 $14 31. Qxd4+ f6) 31. dxe6 $1 Qxe6 $2 (31... fxe6 $16 32. Bg4 Qf7) 32. Bg4 $2 (32. Qg5 $1 $18) 32... Qe7 (32... Bxd4 $11 {keeps the balance.} 33. Qxd4+ Qe5) 33. Rf1 Be5 34. Qd2 ({White should play} 34. Bxe5+ $14 dxe5 35. Qb6) 34... Bc6 $11 35. Bf3 Re8 36. Bf2 Rhh8 37. Qe2 $2 {[#]} (37. Bd4 $11 {and White has nothing to worry.}) 37... Qb7 $2 ({Black should try} 37... Qg5 $1 $19 38. Qe3 Bf4 39. Qd4+ Kg8) 38. Re1 f5 (38... Qb5 {is more complex.} 39. Qd2 Re6 40. Bg4 Rf6 41. Bd1 Ra8) 39. exf5 {Bxc6 is the strong threat.} Bxf3 40. Qxf3 Qxf3 41. gxf3 gxf5 42. h4 Ra8 43. Rea1 Rhb8 44. Be1 d5 45. Rxa4 Rxa4 46. Rxa4 {[%mdl 4096] Endgame KRB-KRB} d4 47. cxd4 Bxd4+ 48. Bf2 Bf6 {[#]The position is equal.} 49. b5 $1 {[%mdl 512]} Rxb5 50. Rxc4 Rb1+ 51. Kg2 Rb2 52. Rc7+ Kg6 53. Rc6 Kf7 {Hoping for ...Bxh4.} 54. Kf1 {Strongly threatening Rxf6+!} Rb1+ 55. Kg2 Rb2 {Precision: White = 38%, Black = 43%.} 1/2-1/2

[Event "22nd ECCC Women 2017"]
[Site "Antalya"]
[Date "2017.10.08"]
[Round "1"]
[White "Ozbay, Ece"]
[Black "Savina, Anastasia"]
[Result "0-1"]
[WhiteElo "1998"]
[BlackElo "2350"]
[Annotator "NA"]
[PlyCount "60"]
[EventType "team-tourn"]
[EventCountry "TUR"]
[SourceTitle "playchess.com"]
[Source "ChessBase"]
[SourceQuality "1"]
[WhiteTeam "Marmara"]
[BlackTeam "Legacy Square Capital"]
[TimeControl "40/5400+30:1800+30"]

1. e4 d6 {[%emt 0:01:00]} 2. d4 {[%emt 0:01:00]} Nf6 {[%emt 0:00:30]} 3. Nc3 {[%emt 0:00:30]} e5 {[%emt 0:00:00]} 4. dxe5 {[%emt 0:01:30]} dxe5 {[%emt 0:00:00]} 5. Qxd8+ {[%emt 0:00:30]} Kxd8 {[%emt 0:00:00]} 6. Bg5 {[%emt 0:10:30]} Be6 {[%emt 0:00:00]} 7. O-O-O+ {[%emt 0:01:30]} Kc8 {[%emt 0:01:30]} 8. Nf3 {[%emt 0:25:30]} Nbd7 {[%emt 0:01:30]} 9. Bh4 {[%emt 0:01:30]} h6 {[%emt 0:01:30]} 10. Bb5 {[%emt 0:10:30]} c6 {[%emt 0:06:30]} 11. Be2 {[%emt 0:00:00]} Bb4 {[%emt 0:03:30]} 12. Bxf6 {[%emt 0:05:00]} Nxf6 {[%emt 0:07:30]} 13. Bd3 $17 {[%emt 0:03:30]} (13. Nxe5 $15 Bxc3 14. bxc3) 13... Nd7 {[%emt 0:04:30]} 14. Kd2 {[%emt 0:05:30]} Kc7 {[%emt 0:04:30]} 15. a3 {[%emt 0:00:30]} Be7 {[%emt 0:01:30]} 16. b4 {[%emt 0:02:30]} g5 {[%emt 0:06:30]} 17. h3 {[%emt 0:01:30]} h5 {[%emt 0:01:30]} 18. Ng1 {[%emt 0:01:30]} a5 {[%emt 0:07:30]} 19. Rb1 {[%emt 0:00:30]} Nb6 {[%emt 0:05:30]} 20. Nge2 {[%emt 0:06:30]} Rhd8 {[%emt 0:03:30]} 21. Ke3 {[%emt 0:02:30]} Nc4+ {[%emt 0:17:30]} 22. Bxc4 {[%emt 0:00:08]} Bxc4 {[%emt 0:00:30]} 23. Rhd1 {[%emt 0:02:56]} g4 {[%emt 0:09:08]} 24. hxg4 {[%emt 0:02:16]} hxg4 {[%emt 0:00:28]} 25. f3 {[%emt 0:02:35]} axb4 {[%emt 0:02:19]} 26. axb4 {[%emt 0:01:53]} gxf3 {[%emt 0:03:58]} 27. gxf3 {[%emt 0:00:36]} Rh8 {[%emt 0:01:41]} 28. Rg1 {[%emt 0:09:03]} Rh2 {[%emt 0:03:18]} 29. Rh1 {[%emt 0:01:33]} Bxb4 {[%emt 0:03:36]} 30. Kd2 {[%emt 0:00:56]} Bxe2 {[%emt 0:00:48]} 0-1